| 000 | 00599nam a2200181Ia 4500 | ||
|---|---|---|---|
| 008 | 100921s9999 xx 000 0 und d | ||
| 082 |
_b29208 _a891.463 थ 97 |
||
| 100 | _aदेसाई अरूणा. | ||
| 245 | _aमान अपमान. | ||
| 260 |
_bप्रपंच प्रकाशन, पुण्ेा. _c1997 |
||
| 300 |
_a104 _bरसिक साहित्य,पुणे |
||
| 365 | _b50 | ||
| 520 | _aललित-कथा. | ||
| 630 | _aमान अपमान. | ||
| 650 | _aललित-कथा. | ||
| 730 | _aमान अपमान. | ||
| 942 | _cBOOK | ||
| 999 |
_c778321 _d778318 |
||